Songs by LANDMVRKS - Statistics

General Stats
  • This quiz has been taken 13 times
  • The average score is 25 of 35
Answer Stats
Answer % Correct
Death
100%
Fantasy
100%
Lost in a Wave
100%
Overrated
100%
Visage
100%
Always
80%
Hollow
80%
Paralyzed
80%
Rainfall
80%
Scars
80%
Self-Made Black Hole
80%
Silent
80%
Tired of It All
80%
Alive
60%
Blistering
60%
Dead Inside
60%
Disdain
60%
Empty Place
60%
Endless Paradox
60%
False Reality
60%
Kurhah
60%
Meaningless
60%
Meaningless (Acoustic)
60%
November 15th
60%
Outside and In
60%
Perspective
60%
Reckoning
60%
Say No Word
60%
Shoreline
60%
Suffocate
60%
The Worst of You and Me
60%
Wake up Call
60%
Winter
60%
World of Pain
60%
Wrong Generation
60%
No matching quizzes found
Score Distribution
Percent of People with Each Score
Percentile by Number Answered
Your Score History
You have not taken this quiz